[Event "Prva liga Centralne Srbije"]
[Site "Pozarevac"]
[Date "2006.10.14"]
[Round "6.1"]
[White "Draskovic, Dragan"]
[Black "Rajkovic, Aleksandar"]
[Result "1/2-1/2"]
[WhiteElo "2143"]
[BlackElo "2148"]
[PlyCount "20"]
[EventDate "2006.09.09"]

1. d4 Nf6 2. c4 e6 3. Nf3 b6 4. e3 Bb7 5. Bd3 Bb4+ 6. Bd2 Bxd2+ 7. Nbxd2 d6 8.
e4 Nbd7 9. O-O e5 10. Re1 O-O 1/2-1/2

[Event "Prva liga Centralne Srbije"]
[Site "Smederevska Palanka"]
[Date "2006.10.14"]
[Round "6.2"]
[White "Ristic, Nenad"]
[Black "Muratovic, Alija"]
[Result "1-0"]
[WhiteElo "2441"]
[BlackElo "2445"]
[PlyCount "81"]
[EventDate "2006.09.09"]

1. e4 e5 2. Nf3 Nc6 3. Bb5 g6 4. d4 exd4 5. Bg5 Be7 6. Bxe7 Ngxe7 7. Nxd4 d5 8.
Nc3 O-O 9. exd5 Nb4 10. O-O Nbxd5 11. Ne4 c6 12. Bc4 Nb6 13. Bb3 Nf5 14. Nxf5
Bxf5 15. Nd6 Qf6 16. Nxf5 Qxf5 17. Re1 Rad8 18. Qe2 Rd7 19. Rad1 Rfd8 20. Rxd7
Rxd7 21. g3 Kg7 22. Qe3 Qf6 23. c3 Nc8 24. Kg2 Ne7 25. Re2 b6 26. Qc1 Qd6 27.
Qg5 Nf5 28. Qg4 c5 29. Qf3 Nh6 30. g4 Re7 31. Rxe7 Qxe7 32. h3 f5 33. Qf4 g5
34. Qf3 Qd7 35. Qe3 Kf6 36. f4 gxf4 37. Qxf4 Nf7 38. h4 h6 39. Bc2 Qd5+ 40. Kg3
Nd6 41. Qxh6+ 1-0

[Event "Prva liga Centralne Srbije"]
[Site "Smederevska Palanka"]
[Date "2006.10.14"]
[Round "6.2"]
[White "Djokic, Nenad"]
[Black "Milosavljevic, Zoran"]
[Result "1/2-1/2"]
[WhiteElo "2325"]
[BlackElo "2204"]
[PlyCount "182"]
[EventDate "2006.09.09"]

1. d4 d5 2. Nf3 Nf6 3. c4 e6 4. Nc3 Be7 5. Bg5 O-O 6. e3 b6 7. Rc1 Bb7 8. Bxf6
Bxf6 9. cxd5 exd5 10. b4 c6 11. Qb3 Re8 12. Be2 Qd6 13. O-O Nd7 14. Rfd1 Rad8
15. b5 c5 16. dxc5 Nxc5 17. Qa3 Qb8 18. Nd4 Be5 19. g3 Bxd4 20. exd4 Ne4 21.
Bf3 Rd7 22. Ne2 Qd6 23. Qxd6 Nxd6 24. a4 Kf8 25. Nf4 Ne4 26. Nd3 f6 27. Nb4 g6
28. h4 Ree7 29. Nc6 Bxc6 30. Rxc6 Kf7 31. Kg2 f5 32. g4 fxg4 33. Bxg4 Rd6 34.
Rc2 Rf6 35. Rd3 Kg7 36. Rf3 Rd6 37. Re3 Rf7 38. f3 Nf6 39. Kg3 h6 40. Re5 Rd8
41. h5 g5 42. Rce2 Rdf8 43. Re7 Rxe7 44. Rxe7+ Rf7 45. Re6 Rc7 46. Rc6 Re7 47.
Kf2 Kf7 48. Bf5 Kg7 49. Bg6 Rd7 50. Ke3 Re7+ 51. Kf2 Rd7 52. Ke3 Re7+ 53. Kd3
g4 54. fxg4 Nxg4 55. Kc3 Nf6 56. Kb4 Rb7 57. a5 bxa5+ 58. Kxa5 Ng8 59. Rd6 Ne7
60. Bd3 Rc7 61. Re6 Rd7 62. Kb4 Rc7 63. Ra6 Ng8 64. Rg6+ Kf7 65. Be2 Rc2 66.
Bd3 Rc7 67. Ka5 Rc3 68. Bf5 Re3 69. Rd6 Ne7 70. Bd7 Ra3+ 71. Kb4 Rd3 72. Rxh6
Rxd4+ 73. Kc5 Rh4 74. Kd6 Kg7 75. Re6 Ng8 76. Rg6+ Kh7 77. Be6 Nh6 78. Rg5 d4
79. Rd5 Kg7 80. Kc6 Kf6 81. Bd7 Nf7 82. Kb7 Ne5 83. Be8 Ke6 84. Rc5 d3 85. Rc1
Ke7 86. Re1 d2 87. Rd1 Kxe8 88. Rxd2 Rxh5 89. Kxa7 Nd7 90. b6 Kd8 91. Rd6 Ke7
1/2-1/2

[Event "Prva liga Centralne Srbije"]
[Site "Smederevska Palanka"]
[Date "2006.10.14"]
[Round "6.2"]
[White "Ikic, Alija"]
[Black "Stankovic, Dragan"]
[Result "0-1"]
[WhiteElo "2142"]
[BlackElo "2334"]
[PlyCount "110"]
[EventDate "2006.09.09"]

1. d4 Nf6 2. c4 g6 3. Nc3 d5 4. Nf3 Bg7 5. Qb3 dxc4 6. Qxc4 O-O 7. e4 Na6 8.
Be2 c5 9. d5 e6 10. O-O exd5 11. exd5 b6 12. Rd1 Nb4 13. Bg5 h6 14. Bxf6 Qxf6
15. Rd2 Rd8 16. a3 Ba6 17. Qb3 Bxe2 18. Rxe2 Na6 19. Rd1 Nc7 20. h3 Ne8 21. Ne5
Nd6 22. Nc6 Rd7 23. Rde1 Kh7 24. Re7 Rxe7 25. Rxe7 Qf4 26. g3 Qd2 27. Re2 Qd3
28. Re3 Qf5 29. Kg2 c4 30. Qd1 a6 31. g4 Qg5 32. Kf1 Qf4 33. Kg2 b5 34. Qf3
Qxf3+ 35. Kxf3 Bf6 36. Kg3 a5 37. f4 g5 38. f5 Kg7 39. Kf3 b4 40. axb4 axb4 41.
Nxb4 Rb8 42. Nba2 Rxb2 43. Kg3 Kf8 44. Ne4 Rb3 45. Kf3 Bd4 46. Nec3 Bxe3 47.
Kxe3 Nb5 48. Kd2 Nxc3 49. Nxc3 Ke7 50. Kc2 Kd6 51. Kd2 Ke5 52. d6 Kxd6 53. Ne4+
Ke5 54. Nc3 Rb2+ 55. Ke3 Rh2 0-1

[Event "Prva liga Centralne Srbije"]
[Site "Smederevska Palanka"]
[Date "2006.10.14"]
[Round "6.2"]
[White "Djoric, Dusan"]
[Black "Ristovic, Mileta"]
[Result "1-0"]
[WhiteElo "2309"]
[BlackElo "2132"]
[PlyCount "90"]
[EventDate "2006.09.09"]

1. d4 d5 2. c4 e6 3. Nf3 Nf6 4. e3 c5 5. dxc5 Bxc5 6. a3 a5 7. Nc3 O-O 8. Be2
dxc4 9. Qxd8 Rxd8 10. Bxc4 Nc6 11. h3 Bd7 12. Bd2 Na7 13. a4 Nc6 14. Ke2 Nb4
15. Ne5 Be8 16. Rhd1 Nd7 17. Nxd7 Bxd7 18. Bb5 Kf8 19. Bxd7 Rxd7 20. Ne4 Rc7
21. Rac1 Rac8 22. Nxc5 Rxc5 23. Bxb4 axb4 24. Rd8+ Rxd8 25. Rxc5 b3 26. Rb5 Ra8
27. Rxb3 Rxa4 28. Rxb7 g6 29. f4 Ra1 30. b4 Rg1 31. Kf2 Rb1 32. b5 h5 33. b6
Kg7 34. g3 Rb5 35. Kf3 Rb4 36. g4 hxg4+ 37. hxg4 Rb5 38. Ke4 Rb4+ 39. Ke5 Rb3
40. e4 Rb4 41. g5 Rb1 42. Rb8 Rb4 43. Kd6 Rxe4 44. b7 Rb4 45. Kc6 Rb1 1-0

[Event "Prva liga Centralne Srbije"]
[Site "Smederevo"]
[Date "2006.10.14"]
[Round "6.3"]
[White "Nikolic, Zivoslav"]
[Black "Cabarkapa, Miomir"]
[Result "1-0"]
[WhiteElo "2426"]
[BlackElo "2214"]
[PlyCount "75"]
[EventDate "2006.09.09"]

1. Nf3 Nf6 2. g3 b6 3. Bg2 Bb7 4. O-O g6 5. d4 Bg7 6. c4 O-O 7. d5 d6 8. Nc3 c6
9. Nd4 cxd5 10. cxd5 Qd7 11. h3 Re8 12. e4 Na6 13. Bg5 Nc7 14. Qd2 Rac8 15.
Rac1 e5 16. Nde2 Ba6 17. Rfe1 Nb5 18. Nxb5 Qxb5 19. Nc3 Qd7 20. Kh2 Rc7 21. Rc2
Rb8 22. Rec1 Rbc8 23. Bf3 h5 24. Be3 Re8 25. Be2 Bxe2 26. Qxe2 Rec8 27. a4 Bf8
28. f3 Be7 29. Nb5 Rxc2 30. Rxc2 a6 31. Rxc8+ Qxc8 32. Na7 Qb7 33. Nc6 Bf8 34.
b4 Nd7 35. g4 hxg4 36. hxg4 b5 37. axb5 axb5 38. Na7 1-0

[Event "Prva liga Centralne Srbije"]
[Site "Smederevo"]
[Date "2006.10.14"]
[Round "6.3"]
[White "Jovcic, Zoran"]
[Black "Pap, Misa"]
[Result "0-1"]
[WhiteElo "2172"]
[BlackElo "2409"]
[PlyCount "136"]
[EventDate "2006.09.09"]

1. e4 c5 2. c3 d5 3. exd5 Qxd5 4. Nf3 Nf6 5. Na3 Nc6 6. Nb5 Qd8 7. d4 a6 8. Na3
cxd4 9. Nxd4 Nxd4 10. Qxd4 Qxd4 11. cxd4 e6 12. Nc4 Bb4+ 13. Bd2 Bxd2+ 14. Kxd2
Bd7 15. Ne5 Rd8 16. Rc1 Bc8 17. Rc7 O-O 18. Bc4 Rxd4+ 19. Kc3 Rdd8 20. Re1 Ne8
21. Re7 Nd6 22. Bd3 Rfe8 23. Rxe8+ Nxe8 24. Rd1 g6 25. Kb4 f6 26. Nc4 e5 27.
Nxe5 Kf8 28. Nf3 Be6 29. a3 Nc7 30. Be2 Nd5+ 31. Ka5 Rc8 32. Nd4 Rc5+ 33. Ka4
Bf7 34. Bf3 Nb6+ 35. Kb4 Nd7 36. a4 a5+ 37. Ka3 Ne5 38. Be2 b6 39. f4 Nc4+ 40.
Bxc4 Rxc4 41. g3 h5 42. Rd2 Rc1 43. b3 Rc3 44. Kb2 Re3 45. Kc2 Bd5 46. Kb2 Bg8
47. Kc2 Bf7 48. Rd3 Re1 49. Rd2 h4 50. Re2 Rf1 51. Kc3 Bd5 52. Ne6+ Kg8 53. Nd4
Kf7 54. Nc2 Rf3+ 55. Ne3 hxg3 56. hxg3 Rxg3 57. Kd4 Bh1 58. Kc4 Bc6 59. b4 Rf3
60. b5 Rxf4+ 61. Kb3 Bh1 62. Rd2 Rb4+ 63. Ka3 Ke6 64. Nc2 Rc4 65. Kb3 Rc5 66.
Ne3 Bd5+ 67. Kb2 f5 68. Rh2 f4 0-1

[Event "Prva liga Centralne Srbije"]
[Site "Smederevo"]
[Date "2006.10.14"]
[Round "6.3"]
[White "Gajic, Branko"]
[Black "Skakic, Zeljko"]
[Result "1/2-1/2"]
[WhiteElo "2171"]
[BlackElo "2198"]
[PlyCount "55"]
[EventDate "2006.09.09"]

1. e4 c6 2. d4 d5 3. e5 Bf5 4. Bd3 Bxd3 5. Qxd3 e6 6. Ne2 c5 7. c3 Nd7 8. O-O
Ne7 9. Ng3 Nc6 10. a3 Qb6 11. Rd1 g6 12. b4 c4 13. Qe2 a5 14. Ra2 axb4 15. axb4
Rxa2 16. Qxa2 Bg7 17. Be3 O-O 18. Nd2 Qa7 19. Qxa7 Nxa7 20. Ra1 Nb5 21. Ne2 Nb6
22. Ra5 Nc7 23. Nb1 Ra8 24. Rxa8+ Nbxa8 25. Na3 Kf8 26. Kf1 Nb6 27. Ke1 Na4 28.
Kd2 1/2-1/2

[Event "Prva liga Centralne Srbije"]
[Site "Smederevo"]
[Date "2006.10.14"]
[Round "6.3"]
[White "Stankovic, Dragan"]
[Black "Dragasevic, Dragan"]
[Result "1-0"]
[WhiteElo "2240"]
[BlackElo "2149"]
[PlyCount "89"]
[EventDate "2006.09.09"]

1. d4 Nf6 2. c4 g6 3. Nc3 Bg7 4. e4 d6 5. f4 O-O 6. Nf3 Bg4 7. Be2 c5 8. d5
Nbd7 9. O-O a6 10. a4 Ne8 11. Ng5 Bxe2 12. Qxe2 Nc7 13. Bd2 Rb8 14. Qd3 b6 15.
Rae1 Rb7 16. Kh1 h6 17. Nf3 b5 18. axb5 axb5 19. b3 bxc4 20. bxc4 Rb3 21. e5
dxe5 22. fxe5 e6 23. d6 Na6 24. Qc2 Rb7 25. Nb5 Qb6 26. Qe4 Nb4 27. Bc3 Qc6 28.
Qb1 Na6 29. Qa2 Nab8 30. Qe2 Nb6 31. Rb1 N8d7 32. Ba5 Rfb8 33. Bxb6 Nxb6 34.
Rfd1 Nd7 35. Ra1 Kh7 36. Ra3 g5 37. h3 Nb6 38. Na7 Qd7 39. Qe4+ Kh8 40. Nc6 Rc8
41. Ne7 Rcb8 42. Nxg5 hxg5 43. Qg4 Bh6 44. Qh5 Kg7 45. Rf3 1-0

[Event "Prva liga Centralne Srbije"]
[Site "Smederevo"]
[Date "2006.10.14"]
[Round "6.3"]
[White "Jocovic, Slobodan"]
[Black "Stankovic, Miljan"]
[Result "1/2-1/2"]
[WhiteElo "2252"]
[BlackElo "2185"]
[PlyCount "117"]
[EventDate "2006.09.09"]

1. d4 Nf6 2. Bg5 d5 3. Bxf6 exf6 4. g3 Bf5 5. Bg2 c6 6. Nf3 Bd6 7. O-O Nd7 8.
Nbd2 Qb6 9. e4 Bxe4 10. Nxe4 dxe4 11. Nh4 g6 12. Bxe4 O-O-O 13. a4 f5 14. Bg2
f4 15. Qd3 f5 16. a5 Qc7 17. c4 Be7 18. Nf3 Nc5 19. Qc2 Ne4 20. a6 b6 21. Rad1
Bf6 22. Rfe1 Rhe8 23. Nd2 Bxd4 24. Nxe4 fxe4 25. Rxe4 Rxe4 26. Bxe4 fxg3 27.
hxg3 Qxg3+ 28. Kf1 Qc7 29. Bg2 Qf4 30. Qe2 Kc7 31. Bh3 Qf6 32. Rd2 h5 33. Qe4
Bc5 34. Re2 Rd1+ 35. Kg2 Qg5+ 36. Kf3 Rd4 37. Qe5+ Qxe5 38. Rxe5 Rd3+ 39. Kg2
Rd2 40. Re6 Rxf2+ 41. Kg3 Rxb2 42. Rxg6 Rb3+ 43. Kg2 Rb2+ 44. Kf1 b5 45. Bg2
Rf2+ 46. Ke1 Rxg2 47. Rxg2 bxc4 48. Rh2 Kb6 49. Rxh5 Bb4+ 50. Kd1 Kxa6 51. Kc2
c5 52. Rh7 Kb6 53. Rh8 a5 54. Rg8 Kb5 55. Rb8+ Ka4 56. Rb7 Ka3 57. Rb5 Ka2 58.
Rb7 Ka3 59. Rb5 1/2-1/2

[Event "Prva liga Centralne Srbije"]
[Site "Gornji Milanovac"]
[Date "2006.10.14"]
[Round "6.5"]
[White "Sredojevic, Ivan"]
[Black "Markovic, Zoran S"]
[Result "1/2-1/2"]
[WhiteElo "2349"]
[BlackElo "2370"]
[PlyCount "102"]
[EventDate "2006.09.09"]

1. e4 c5 2. Nf3 Nc6 3. d4 cxd4 4. Nxd4 Nf6 5. Nc3 e5 6. Ndb5 d6 7. Bg5 a6 8.
Na3 b5 9. Nd5 Qa5+ 10. Bd2 Qd8 11. Bd3 Nxd5 12. exd5 Ne7 13. c4 g6 14. cxb5 Bg7
15. O-O O-O 16. Bb4 Bb7 17. Nc4 Bxd5 18. Ba5 Qb8 19. Nb6 axb5 20. Nxa8 Qxa8 21.
Bb4 Bxg2 22. Re1 Bf3 23. Be2 Bxe2 24. Rxe2 Nf5 25. Qd3 Rc8 26. f3 Rc4 27. Bc3
h5 28. a3 Nh4 29. Rf1 Rf4 30. Re3 Kh7 31. Qe2 Qc6 32. Kh1 f5 33. Be1 Rc4 34.
Bxh4 Rxh4 35. Rc3 Qb7 36. Rfc1 e4 37. Rc7 Qd5 38. Rd1 Qe5 39. Rf1 d5 40. Rc5
Qxb2 41. Qxb2 Bxb2 42. Rxb5 Bxa3 43. Rxd5 e3 44. Re1 f4 45. Kg2 Bb4 46. Re2 Bd2
47. h3 Kh6 48. Rd6 Kg7 49. Rd5 Kf6 50. Rd6+ Kf5 51. Rd5+ Kf6 1/2-1/2

[Event "Prva liga Centralne Srbije"]
[Site "Gornji Milanovac"]
[Date "2006.10.14"]
[Round "6.5"]
[White "Organdziev, Oliver"]
[Black "Rabrenovic, Vladan"]
[Result "1/2-1/2"]
[WhiteElo "2296"]
[BlackElo "2320"]
[PlyCount "75"]
[EventDate "2006.09.09"]

1. e4 d6 2. d4 Nf6 3. Nc3 e5 4. Nf3 Nbd7 5. g3 c6 6. Bg2 b5 7. a3 Be7 8. O-O
O-O 9. Re1 Bb7 10. b3 a6 11. Bb2 Re8 12. Qd2 Bf8 13. Rad1 Qc7 14. h3 g6 15. Nh2
Bg7 16. Re2 Rad8 17. Rde1 Qb8 18. Na2 exd4 19. Bxd4 c5 20. Bc3 Re6 21. Ng4 h5
22. Nxf6+ Nxf6 23. Bxf6 Bxf6 24. Nc3 Rde8 25. Nd5 Bxd5 26. exd5 Rxe2 27. Rxe2
Rxe2 28. Qxe2 Bb2 29. a4 bxa4 30. bxa4 Bd4 31. Bf1 a5 32. h4 Qb4 33. Qc4 Qe1
34. Qe2 Qa1 35. Qc4 Kg7 36. Kg2 Kf6 37. Qb3 Qe1 38. Qf3+ 1/2-1/2

[Event "Prva liga Centralne Srbije"]
[Site "Gornji Milanovac"]
[Date "2006.10.14"]
[Round "6.5"]
[White "Colovic, Dusan"]
[Black "Panic, Nenad"]
[Result "0-1"]
[WhiteElo "2357"]
[BlackElo "2342"]
[PlyCount "98"]
[EventDate "2006.09.09"]

1. d4 Nf6 2. Nc3 d5 3. Nf3 Bf5 4. Bf4 e6 5. e3 Bd6 6. Bg3 O-O 7. Bd3 Bxd3 8.
Qxd3 c5 9. O-O Bxg3 10. hxg3 Nc6 11. a3 Qe7 12. Qb5 cxd4 13. exd4 a6 14. Qd3
Na5 15. Ne5 Rac8 16. Rae1 Nc4 17. Nxc4 dxc4 18. Qf3 Qd7 19. Rd1 Rfd8 20. Rfe1
Qc6 21. Qxc6 Rxc6 22. d5 Rcd6 23. dxe6 fxe6 24. Rxd6 Rxd6 25. Rd1 Nd5 26. Rd4
b5 27. Ne4 Rc6 28. c3 h6 29. f4 Kf7 30. Nd2 Ke7 31. Nf3 Nb6 32. Re4 Rd6 33. Nd4
Kf6 34. g4 Na4 35. Re2 Nc5 36. Kh2 Nd3 37. g3 g5 38. f5 exf5 39. gxf5 Ne5 40.
Kg2 Rd5 41. Re4 h5 42. Re2 Rd7 43. Kf1 Rh7 44. Rh2 h4 45. Kg2 Nd3 46. Kf3 Ne5+
47. Kg2 Ng4 48. Rh1 Ne3+ 49. Kf3 Nxf5 0-1

[Event "Prva liga Centralne Srbije"]
[Site "Gornji Milanovac"]
[Date "2006.10.14"]
[Round "6.5"]
[White "Jovic, Stanoje"]
[Black "Irizanin, Radoje"]
[Result "0-1"]
[WhiteElo "2330"]
[BlackElo "2301"]
[PlyCount "62"]
[EventDate "2006.09.09"]

1. c4 c5 2. Nf3 Nc6 3. Nc3 g6 4. g3 Bg7 5. Bg2 e5 6. O-O Nge7 7. Ne1 d6 8. Nc2
Be6 9. Ne3 O-O 10. Ned5 a6 11. d3 Rb8 12. Qa4 Kh8 13. a3 b5 14. Qxa6 Nxd5 15.
Nxd5 Bxd5 16. cxd5 Nd4 17. Be3 Nb3 18. Ra2 Re8 19. a4 Rb6 20. Qxb6 Qxb6 21. a5
Nxa5 22. Rfa1 Nb3 23. Ra6 Qd8 24. R1a3 Nd4 25. Bxd4 exd4 26. Bf3 c4 27. Rc6 c3
28. b4 Bh6 29. Kg2 Bc1 30. Raa6 Bb2 31. h4 Qc8 0-1

[Event "Prva liga Centralne Srbije"]
[Site "Gornji Milanovac"]
[Date "2006.10.14"]
[Round "6.5"]
[White "Zivkovic, Momcilo"]
[Black "Radivojevic, Miladin"]
[Result "0-1"]
[WhiteElo "2160"]
[BlackElo "2180"]
[PlyCount "102"]
[EventDate "2006.09.09"]

1. e4 c5 2. Nf3 d6 3. d4 cxd4 4. Nxd4 Nf6 5. Bd3 Qb6 6. Nb3 Bg4 7. f3 Bd7 8.
Qe2 Nc6 9. Be3 Qc7 10. Nc3 Rc8 11. O-O e6 12. Nb5 Qb8 13. c4 a6 14. N5d4 Ne5
15. Rac1 Nxd3 16. Qxd3 Be7 17. Kh1 O-O 18. Nd2 Rfd8 19. f4 Ng4 20. Bg1 Qc7 21.
Qg3 Nf6 22. e5 Nh5 23. Qf3 g6 24. Ne4 Be8 25. exd6 Bxd6 26. Nxd6 Rxd6 27. c5
Rdd8 28. Rce1 Rd7 29. f5 e5 30. fxg6 hxg6 31. Nb3 Rcd8 32. Qc3 Re7 33. Be3 f6
34. Qa5 Qd7 35. Qb6 Re6 36. Qb4 Qd5 37. Qd2 Qxd2 38. Nxd2 Bc6 39. Kg1 g5 40.
Nc4 Bb5 41. Rc1 Rd3 42. Rfe1 Nf4 43. Bxf4 gxf4 44. Nd6 Rd2 45. Rb1 Bc6 46. Ne4
Rc2 47. b4 f5 48. Nf2 Rg6 49. g4 fxg3 50. hxg3 Rxg3+ 51. Kf1 Bb5+ 0-1

[Event "Prva liga Centralne Srbije"]
[Site "Kragujevac"]
[Date "2006.10.14"]
[Round "6.6"]
[White "Pavlovic, Goran"]
[Black "Tosic, Miroslav"]
[Result "1/2-1/2"]
[WhiteElo "2363"]
[BlackElo "2442"]
[PlyCount "158"]
[EventDate "2006.09.09"]

1. d4 Nf6 2. c4 c6 3. Nf3 d6 4. Nc3 g6 5. Bg5 Bg7 6. e3 O-O 7. Be2 Nbd7 8. O-O
Qc7 9. Rc1 a5 10. Qc2 e5 11. Rfd1 Re8 12. d5 c5 13. Nb5 Qb6 14. Nd2 Nf8 15. Rf1
Bd7 16. Nc3 h5 17. f4 N6h7 18. Bd3 f5 19. Bh4 exf4 20. exf4 Nf6 21. h3 N8h7 22.
Rce1 Bh6 23. g3 Bg7 24. Nf3 a4 25. Ng5 Nxg5 26. fxg5 Ng4 27. hxg4 hxg4 28.
Rxe8+ Rxe8 29. Nxa4 Bd4+ 30. Kh1 Qd8 31. Nc3 Qe7 32. Ne2 Qe5 33. Nf4 Kg7 34. b3
Rh8 35. Qe2 b6 36. a4 Re8 37. Qc2 Rh8 38. Qg2 Qe3 39. Qe2 Qe5 40. Kg2 Re8 41.
Qc2 Re7 42. Ne2 Bc8 43. Nxd4 Qxd4 44. Rd1 Re3 45. Bf1 Qe5 46. Rd2 Rc3 47. Qb2
Re3 48. Kf2 Rf3+ 49. Kg2 Kf7 50. Re2 Qxb2 51. Rxb2 Bd7 52. Be2 Rc3 53. Kf2 Rc1
54. Ke3 Ke7 55. Bd3 Kd8 56. Ra2 Re1+ 57. Kd2 Rh1 58. Kc3 Rc1+ 59. Kd2 Rh1 60.
Ke3 Re1+ 61. Kf2 Rd1 62. Ke2 Rh1 63. Ra3 Rh2+ 64. Ke3 Rb2 65. Be2 Kc7 66. Bd1
Rh2 67. a5 bxa5 68. Rxa5 Kb7 69. Ra1 Rh1 70. Rb1 Kc7 71. Kd2 f4 72. Bc2 Rh2+
73. Kc3 Rxc2+ 74. Kxc2 Bf5+ 75. Kc3 Bxb1 76. gxf4 Bf5 77. Bf2 Kd7 78. Kb2 Kc7
79. Ka3 Bd7 1/2-1/2

[Event "Prva liga Centralne Srbije"]
[Site "Kragujevac"]
[Date "2006.10.14"]
[Round "6.6"]
[White "Maksimovic, Branimir"]
[Black "Aleksic, Nenad"]
[Result "1-0"]
[WhiteElo "2385"]
[BlackElo "2392"]
[PlyCount "61"]
[EventDate "2006.09.09"]

1. d4 Nf6 2. Bg5 b6 3. Nc3 Bb7 4. Nf3 d5 5. Bxf6 gxf6 6. g3 e6 7. Bg2 Nd7 8.
O-O f5 9. e3 Bg7 10. Ne2 Ba6 11. Re1 Bxe2 12. Qxe2 O-O 13. c4 c6 14. Rec1 a6
15. cxd5 cxd5 16. a4 Qb8 17. Rc2 Qb7 18. Rac1 Rac8 19. Bf1 Nb8 20. Qd3 Rfd8 21.
Rc3 Bf8 22. g4 fxg4 23. Ng5 Bg7 24. Qxh7+ Kf8 25. Qh4 Kg8 26. Bd3 Qd7 27. Qxg4
Rxc3 28. Rxc3 Rc8 29. Rxc8+ Qxc8 30. Qf4 Qb7 31. Bh7+ 1-0

[Event "Prva liga Centralne Srbije"]
[Site "Kragujevac"]
[Date "2006.10.14"]
[Round "6.6"]
[White "Novoselski, Zoran"]
[Black "Miljkovic, Miroslav"]
[Result "0-1"]
[WhiteElo "2351"]
[BlackElo "2399"]
[PlyCount "78"]
[EventDate "2006.09.09"]

1. e4 c5 2. Nf3 Nc6 3. Bb5 g6 4. O-O Bg7 5. c3 Nf6 6. Qa4 O-O 7. d4 cxd4 8.
cxd4 d5 9. e5 Nd7 10. Bxc6 Nb6 11. Qa5 bxc6 12. b3 Nd7 13. Qxd8 Rxd8 14. Ba3 f6
15. Re1 fxe5 16. Nxe5 Nxe5 17. dxe5 Kf7 18. Nc3 Bf5 19. Na4 d4 20. Bc1 Rd5 21.
f4 g5 22. Nb2 Rad8 23. Nc4 Bd3 24. e6+ Ke8 25. fxg5 Bxc4 26. bxc4 Rc5 27. Bf4
d3 28. Rab1 Rxc4 29. Bc7 Rc8 30. Red1 Rd4 31. Ba5 Rd5 32. Bd2 c5 33. Rb7 Bd4+
34. Kh1 Re5 35. Rxa7 Rxe6 36. g3 c4 37. Ra5 c3 38. Bf4 c2 39. Rxd3 Be3 0-1

[Event "Prva liga Centralne Srbije"]
[Site "Kragujevac"]
[Date "2006.10.14"]
[Round "6.6"]
[White "Perunovic, Miodrag"]
[Black "Lazic, Dragoljub"]
[Result "0-1"]
[WhiteElo "2376"]
[BlackElo "2325"]
[PlyCount "124"]
[EventDate "2006.09.09"]

1. e4 c5 2. c3 d6 3. d4 Nf6 4. Bd3 Qc7 5. Nf3 Nbd7 6. O-O g6 7. Na3 a6 8. e5
dxe5 9. dxe5 Nxe5 10. Bf4 Nxf3+ 11. Qxf3 Qc6 12. Qxc6+ bxc6 13. Rfe1 Be6 14.
Nc4 Bg7 15. Na5 Nd5 16. Bg3 Nxc3 17. bxc3 Bxc3 18. Nxc6 Bxa1 19. Rxa1 Bd5 20.
Ne5 f6 21. Nc4 Rd8 22. Bc7 Rd7 23. Bf4 Bxc4 24. Bxc4 Rd4 25. Bxa6 Rxf4 26. Rc1
O-O 27. Rxc5 Rd8 28. g3 Rf5 29. Rc2 Ra5 30. Bc4+ Kg7 31. Bb3 Rd7 32. Rc8 e5 33.
Rg8+ Kh6 34. Re8 f5 35. h4 Kg7 36. Kg2 e4 37. Kf1 Rc5 38. Ke2 Rc1 39. Rg8+ Kf6
40. Rf8+ Ke5 41. Re8+ Kd4 42. Rf8 Rb1 43. Re8 Rb2+ 44. Kf1 Kc5 45. Bg8 Rdd2 46.
Rc8+ Kd4 47. Rd8+ Ke5 48. Rxd2 Rxd2 49. Bxh7 Rxa2 50. Bxg6 f4 51. gxf4+ Kxf4
52. Ke1 Ra6 53. Be8 Ra1+ 54. Ke2 Rh1 55. h5 Rh2 56. Ke1 Kf3 57. Bg6 Rh1+ 58.
Kd2 Rf1 59. h6 Rxf2+ 60. Kd1 Rh2 61. h7 e3 62. Bd3 Kf2 0-1

[Event "Prva liga Centralne Srbije"]
[Site "Kragujevac"]
[Date "2006.10.14"]
[Round "6.6"]
[White "Jovanovic, D  Dusan"]
[Black "Miljkovic, Mihajlo"]
[Result "0-1"]
[WhiteElo "2240"]
[BlackElo "2280"]
[PlyCount "32"]
[EventDate "2006.09.09"]

1. Nf3 Nf6 2. c4 c5 3. Nc3 d5 4. cxd5 Nxd5 5. g3 Nc6 6. Bg2 Nc7 7. O-O e5 8. d3
Be7 9. Nd2 O-O 10. Nc4 f6 11. Bxc6 bxc6 12. Qa4 Bh3 13. Re1 Qd7 14. Be3 Nb5 15.
Rac1 Rab8 16. f4 Nxc3 0-1

[Event "Prva liga Centralne Srbije"]
[Site "Kragujevac"]
[Date "2006.10.14"]
[Round "6.6"]
[White "Maksimovic, Suzana"]
[Black "Milosevic, Slavisa"]
[Result "1-0"]
[WhiteElo "2266"]
[BlackElo "2294"]
[PlyCount "69"]
[EventDate "2006.09.09"]

1. d4 f5 2. c4 Nf6 3. Nc3 g6 4. h4 Bg7 5. h5 Nxh5 6. e4 Nf6 7. e5 Ng8 8. f4 d6
9. Nf3 e6 10. Be3 Nh6 11. Be2 Ng4 12. Qd2 c6 13. O-O-O dxe5 14. Nxe5 Nxe3 15.
Qxe3 Nd7 16. g4 Qe7 17. Rd2 Nxe5 18. dxe5 Kf7 19. Rd6 h6 20. Qd2 Rf8 21. Rg1
Kg8 22. gxf5 gxf5 23. c5 Kh8 24. Bc4 Rf7 25. Qh2 Bd7 26. Rg6 Re8 27. Ne2 Kh7
28. Qh5 Rff8 29. Rg3 Qf7 30. Qh2 Re7 31. Nd4 Rfe8 32. Nxf5 Qf8 33. Rxg7+ Rxg7
34. Qxh6+ Kg8 35. Qxg7+ 1-0